Розвиток реформаційних і гуманістичних ідей в Острозькому культурно-освітньому осередку та братських школах (Запис № 410783)

МАРК-запис
000 -LEADER
fixed length control field 00978caa a22002537a 4500
001 - CONTROL NUMBER
control field 123631
003 - CONTROL NUMBER IDENTIFIER
control field UA-OsUOA
005 - DATE AND TIME OF LATEST TRANSACTION
control field 20200112120415.0
007 - PHYSICAL DESCRIPTION FIXED FIELD--GENERAL INFORMATION
fixed length control field ta
008 - FIXED-LENGTH DATA ELEMENTS--GENERAL INFORMATION
fixed length control field 20170627b un ||||| |||| 00| 0 ukr d
040 ## - CATALOGING SOURCE
Original cataloging agency UA-OsUOA
Language of cataloging ukr
Transcribing agency UA-OsUOA
Modifying agency UA-OsUOA
041 ## - LANGUAGE CODE
Language code of text/sound track or separate title ukr
080 ## - UNIVERSAL DECIMAL CLASSIFICATION NUMBER
Universal Decimal Classification number 908
090 ## - LOCALLY ASSIGNED LC-TYPE CALL NUMBER (OCLC); LOCAL CALL NUMBER (OCLC)
Classification number (OCLC) (R) ; Classification number, CALL (RLIN) (NR) 908
Local cutter number (OCLC) ; Book number/undivided call number, CALL (RLIN) Н71
100 ## - MAIN ENTRY--PERSONAL NAME
Personal name Нічик В.
245 ## - TITLE STATEMENT
Title Розвиток реформаційних і гуманістичних ідей в Острозькому культурно-освітньому осередку та братських школах
Statement of responsibility, etc В. Нічик, Я. Стратій
300 ## - PHYSICAL DESCRIPTION
Extent С. 109–137
650 #7 - SUBJECT ADDED ENTRY--TOPICAL TERM
Topical term or geographic name as entry element 908 Краєзнавство
Source of heading or term UDC
700 ## - ADDED ENTRY--PERSONAL NAME
Personal name Стратій Я.
773 0# - HOST ITEM ENTRY
Host Biblionumber 286288
Host Itemnumber 295067
Place, publisher, and date of publication К. Либідь 1994
Other item identifier 87814
Title Історія філософії України
Record control number (UA-OsUOA) 35807
International Standard Book Number 5-325-00253-8
942 ## - ADDED ENTRY ELEMENTS (KOHA)
Koha item type Складова частина документа
Source of classification or shelving scheme Universal Decimal Classification
955 ## - COPY-LEVEL INFORMATION (RLIN)
Classification number, CCAL (RLIN) Наукові видання

Немає доступних примірників.